000 07314namaa22004451i 4500
003 EG-GICUC
005 20260415130935.0
008 260402s2025 ua a|||frm||| 000 0 eng d
040 _aEG-GICUC
_beng
_cEG-GICUC
_dEG-GICUC
_erda
041 0 _aeng
_beng
_bara
049 _aDeposit
082 0 4 _a615.82
092 _a615.82
_221
097 _aM.Sc
099 _aCai01.21.04.M.Sc.2025.Sa.E
100 0 _aSamar Gamal Mohamed Gab Allah,
_epreparation.
245 1 0 _aEffect of acupressurein the management of postmenopausal constipation /
_cby Samar Gamal Mohamed Gab Allah ; Supervisors Prof.Dr. Azza Barmoud Nashed Kassab, Prof. Dr. Mohamed Fawzy Abo Eleinien, Dr. Manal Ahmed El–Shafei.
246 1 5 _aتأثير العلاج بالضغط على نقاط الإبر علي الإمساك لدي السيدات في فترة ما بعد إنقطاع الطمث
264 0 _c2025.
300 _a91 pages :
_billustrations ;
_c25 cm. +
_eCD.
336 _atext
_2rda content
337 _aUnmediated
_2rdamedia
338 _avolume
_2rdacarrier
502 _a Thesis (M.Sc)-Cairo University, 2025.
504 _aBibliography: pages 70-84.
520 3 _aBackground: Constipation during postmenopausal period is a prevalent condition that impacts women's physical, emotional, and social health. Acupressure can help relieving some symptoms of constipation, through promotion of peristalsis. Purpose: This study was conducted to investigate the effect of acupressure in the treatment of postmenopausal constipation. Methods: Sixty participants diagnosed with functional constipation, aged from 50 to 60 years and their BMI varied from 25 to 30 kg/m2 were selected from the outpatient clinic of Obstetrics and Gynecology at El–Salam Specialized Hospital, Cairo, Egypt. They were divided randomly into two groups equal in number, study group (A) (n=30) received acupressure on the san jiao 6/ stomach 25/ spleen 15 and large intestine 4 ) acupoints, 1 minute for each point with 3 repetitions on both sides about 30 minutes/ session, 3 times / week in addition to diaphragmatic breathing exercises for 15 minutes/ session, 3 times /week and general bowel care advices, for 6 weeks, control group (B) (n=30) performed diaphragmatic breathing exercises for 15 minutes/ session , 3times/ week in addition to general bowel care advices only as in group (A) for 6 weeks. Evaluation of constipation symptoms‘ severity and quality of life in both groups (A&B) were evaluated before the beginning and after the end of the study utilizing (PAC –SYM) and (PAC–QOL) questionnaires respectively. Results: Showed that there was a statistical significant reduction in the mean values of severity of constipation symptoms after treatment in both groups (A and B), favouring group (A) (P=0.001). Also, it showed a statistical significant improvement in the median values of patient's QoL post treatment in comparison to that of pre–treatment values in both groups (A and B) (P=0.001), in favor of group (A). Conclusion: It could be concluded that application of acupressure was effective in alleviating severity of constipation symptoms, and improving quality of life for postmenopausal women, suffering from functional constipation.
520 3 _aالخلفية: يعد الإمساك مشكلة شائعة في فترة ما بعد انقطاع الطمث، حيث انها تؤثر على الصحة البدنية والنفسية والاجتماعية للسيدات. يمكن أن يساعد العلاج بالضغط على نقاط الإبر في تخفيف بعض أعراض الإمساك، من خلال تحفيز حركة الأمعاء الدقيقة. الغرض: أُجريت هذه الدراسة لتحليل تأثير العلاج بالضغط على نقاط الإبر في علاج الإمساك لدى السيدات بعد انقطاع الطمث. الطريقة: تم تشخيص ستين سيدة علي أنهن تعانين من الإمساك الوظيفي، وقد تراوحت أعمارهن ما بين 50 و60 عاما، وتراوح مؤشر كتلة الجسم لديهن بين ٢٥ و30 كجم/م2تم اختيارهن عشوائيا من العيادة الخارجية لأمراض النساء والتوليد في مستشفى السلام، القاهرة، مصر وقد تم تقسيمهن عشوائيًا إلى مجموعتين متساويتين في العدد مجموعة الدراسة (أ) (ن = 30) تلقت العلاج بالضغط على نقاط الوخز بالإبر علي سان جيو ٦/ معدة 25/ طحال 15/ الأمعاء الغليظة 4)، لمدة دقيقة واحدة لكل نقطة ,3 تكرارات على كلا الجانبين حوالي 30 دقيقة/ جلسة، 3 مرات في الأسبوع بالإضافة إلى تمرينات التنفس الحجابي لمدة 15 دقيقة ونصائح عامة للعناية بالأمعاء، لمدة 6 أسابيع و المجموعة الضابطة (ب) (ن = 30) أجرت تمرينات التنفس الحجابي لمدة 15 دقيقة/ 3 مرات في الأسبوع بالإضافة إلى نصائح عامة للعناية بالأمعاء فقط كما في المجموعة (أ) لمدة 6 أسابيع. تم تقييم التحسن في شدة أعراض الإمساك وجودة الحياة في كلتا المجموعتين (أ وب) قبل بداية وبعد نهاية الدراسة باستخدام استبيانات تقييم مريض الإمساك علي حسب الأعراض و تقييم الإمساك في الحياة اليومية للمريض على التوالي. النتائج: أظهرت انخفاضًا ذا دلالة إحصائية في متوسط قيم أعراض الإمساك بعد العلاج في كلتا المجموعتين (أ) و(ب) لصالح المجموعة (أ) (٠.٠٠١=p) . كما أظهرت انخفاضًا ذا دلالة إحصائية في القيمة المتوسطة لجودة الحياة بعد العلاج مقارنة بقيم ما قبل العلاج في كلا المجموعتين (أ وب)(٠.٠٠١=p) لصالح المجموعة (أ). ومن هنا يمكن أن نستنتجأن تطبيق العلاج بالضغط علي نقاط الإبر كان فعالًا في تخفيف شدة أعراض الإمساك، وتحسين جودة الحياة لديالسيدات، اللاتي تعانين من الإمساك الوظيفي بعد انقطاع الطمث.
530 _aIssues also as CD.
546 _aText in English and abstract in Arabic & English.
650 0 _aPhysical Therapy
650 0 _aالعلاج الطبيعي
653 1 _aFunctionalconstipation
_apostmenopausal period
_aacupressure
700 0 _aAzza Barmoud Nashed Kassab
_ethesis advisor.
700 0 _aMohamed Fawzy Abo Eleinien
_ethesis advisor.
700 0 _aManal Ahmed El–Shafei
_ethesis advisor.
900 _b01-01-2025
_cAzza Barmoud Nashed Kassab
_cMohamed Fawzy Abo Eleinien
_cManal Ahmed El–Shafei
_UCairo University
_FFaculty of Physical Therapy
_DDepartment of Physical Therapy for Women‘s Health;
905 _aShimaa
_eEman Ghareb
942 _2ddc
_cTH
_e21
_n0
999 _c179154